00543nam a2200193 a 4500001001300000003000900013005001700022008004100039020001200080082001500092100002100107245007900128260003700207300000800244500003500252505002200287650001900309700002100328nice12345678IN_TiNIC20260116012054.0050524s1969 lona grp 000 0 eng  ac244.800a248.4bCOL aColquhoun, Frank aTotal Christianityb Experience, Fellowship, Creed and Life of a Christian aLondonbHodder & Stoughtonc1969 a91p aincludes index and biblioraphy2 aIndex of Churches aChristian-Life1 aColquhoun, Frank